LEADER 01360nam a2200277 u 4500 001 000000065500 003 CaOOAMICUS 005 20070226121455.0 008 011207s1923 it u000 u ita u 035 $a10913253 040 $aPUL(R)$bita 100 1 $aNatucci, Alpinolo.$0(OLS)http://pul/name/44096 245 13$aIl concetto di Numero e le sue estensioni :$bstudi storico-critici intorno ai fondamenti dell'Aritmetica generale con oltre 700 indicazioni bibliografiche /$cAlpinolo Natucci. 260 $aTorino :$bBocca,$c1923. 300 $a474 p. ;$c24 cm 490 1 $aBiblioteca di scienze moderne ;$v83 500 $aIn testa al front.: Jean Piaget - Alina Szeminska. 500 $aTraduzione dal francese di Adriana Valori Piperno. 650 4$aMatematica$xFilosofia.$0(OLS)http://pul/subject/20379 650 4$aMatematica.$0(OLS)http://pul/subject/6747 830 0$aBiblioteca di scienze moderne ;$v83.$0(OLS)http://pul/title/412 850 $aPUL 852 $aPUL$W1$xDP2 Filosofia 1$y62$m93 H 6$j84792$nBK-PRI$b $qStampati$B84792$CPULBib$Z2$F84792 $81 941 1 $a8 996 $6245$aIl concetto di Numero e le sue estensioni :$bstudi storico-critici intorno ai fondamenti dell'Aritmetica generale con oltre 700 indicazioni bibliografiche$9(OLS)http://pul/title/87118 996 $6260$aTorino :$bBocca$9(OLS)http://pul/publisher/48036 LEADER 01165nam a2200277 u 4500 001 000000059322 003 CaOOAMICUS 005 20070226120804.0 008 010626s1994 it u000 u ita u 020 $a8872850274 035 $a10894202 040 $aPUL(R)$bita 041 1 $aita$hger 100 1 $aAdorno, Theodor Wiesengrund,$d1903-1969.$0(OLS)http://pul/name/506 245 10$aContro l'antisemitismo /$cTheodor W. Adorno ; a cura di Stefano Petrucciani ; traduzione italiana di Franco Filice. 260 $aRoma :$bManifestolibri,$cc1994. 300 $a94 p. ;$c21 cm 650 4$aAntisemitismo.$0(OLS)http://pul/subject/17285 700 1 $aFilice, Franco.$0(OLS)http://pul/name/40955 700 1 $aPetrucciani, Stefano,$d1953-$0(OLS)http://pul/name/40954 850 $aPUL 852 $aPUL$W1$xDP1 Altre Collocazioni$y17$mSenza collocazione$j12$nBK-PRI$b $qStampati$B77359$CPULBib$Z2$F77359 $H $81 941 1 $a8 996 $6020$a8872850274$9(OLS)http://pul/number/75435 996 $6245$aContro l'antisemitismo$9(OLS)http://pul/title/79432 996 $6260$aRoma :$bManifestolibri$9(OLS)http://pul/publisher/69781